| 000 | 00892nac a22002657a 4500 | ||
|---|---|---|---|
| 001 | BR0002965 | ||
| 003 | BR-BrBNA | ||
| 005 | 20240105122420.0 | ||
| 008 | 230509b bl.|||m| |||| 00| 0 por d | ||
| 040 |
_aBR-BrBNA _bpor _cBiblioteca Nacional de Agricultura |
||
| 072 | _aC30 | ||
| 090 | _aC30 BR0002965 | ||
| 100 | 1 | _aVendrusculo, L.G. | |
| 100 | 1 | _aSouza, M.I.F. | |
| 110 | 1 |
_aEMBRAPA Informatica, Campinas, SP (Brasil) _93639 |
|
| 245 | 1 | _aCatalogo de recursos em informacao agropecuaria na Internet: desenvolvimento de website | |
| 260 | 3 |
_aCampinas, SP (Brasil): _c1999. |
|
| 300 | _a4 p. | ||
| 490 |
_aComunicado Tecnico da EMBRAPA Informatica Agropecuaria (Brazil) _vno. 2 _xISSN 1516-5620 |
||
| 500 | _aSummary (En); 4 illus.; 5 ref. | ||
| 650 | _aSistema de Informacao | ||
| 650 | _aInternet | ||
| 909 |
_a202312 _bLúcia Elande _c55 _dLúcia Elande |
||
| 942 |
_2AGRIS _n0 _cMS |
||
| 999 |
_c290911 _d290911 |
||